| 000 | 01196cam a2200301 a 4500 | ||
|---|---|---|---|
| 001 | 11971005 | ||
| 003 | OSt | ||
| 005 | 20230605095728.0 | ||
| 008 | 991109s1999 gw abo b 000 0 eng d | ||
| 010 | _a 00348360 | ||
| 020 | _a393371432X | ||
| 040 |
_aCBG _cCBG _dDLC |
||
| 042 | _alccopycat | ||
| 050 | 0 | 0 |
_aJS113 _b.C57 1999 |
| 082 |
_a323.01 _bSTI |
||
| 245 | 0 | 0 |
_aCitizens and communities in the 21st century : _bdevelopment of local government in the international co-operation activities of the Konrad Adenauer Foundation. |
| 246 | 3 | 0 | _aDevelopment of local government in the international co-operation activities of the Konrad Adenauer Foundation |
| 260 |
_aCologne, Germany : _bKonrad-Adenauer-Stiftung _c1999. |
||
| 300 |
_a43 p. : _bill., map ; _c28 cm. |
||
| 504 | _aIncludes bibliographical references (p. 42-43). | ||
| 610 | 2 | 0 | _aKonrad-Adenauer-Stiftung. |
| 650 | 0 |
_aLocal government _xInternational cooperation. |
|
| 650 | 0 |
_aDecentralization in government _xInternational cooperation. |
|
| 710 | 2 | _aKonrad-Adenauer-Stiftung. | |
| 906 |
_a7 _bcbc _ccopycat _d3 _encip _f20 _gy-gencatlg |
||
| 942 |
_2ddc _cBK |
||
| 999 |
_c254 _d254 |
||